00476cam a2200157ua 45000010005000000080039000050400009000440820008000531000028000612450078000892500009001672600038001763000017002146530014002316530073002452949110919n ii |||gr||||Z||||||asm cMAIN a9201 aKalita, Samin,eAuthor.11aJnanapith bata bijoyee dr. birendra kumar Bhattacharya cby Samin Kalita a1st. aGuahati:bChandra Prakash,c2007. a100p:c23cm. aBiography aBiography of Jnanapith bata bijoyee dr birendra kumar Bhattacharya